[Event "Is Bankasi Online Satranc Turn.13-14 Yas"]
[Site "T#645826Mustafa Kemal"]
[Date "2020.05.08"]
[Round "3"]
[White "muhammedenisal44"]
[Black "Umutsenocak54"]
[Result "1-0"]
[WhiteElo "1416"]
[BlackElo "1620"]
[Annotator "NA RC"]
[PlyCount "127"]
[EventDate "2020.05.08"]
[EventType "swiss (blitz)"]

1. e4 {[%emt 0:00:05]} e6 {[%emt 0:00:05]} 2. d4 {[%emt 0:00:04]} d5 {[%emt 0:00:04]} 3. Nc3 {[%emt 0:00:02]} dxe4 {[%emt 0:00:11]} 4. Nxe4 {[%emt 0:00:02]} Nf6 {[%emt 0:00:00]} 5. Nxf6+ {[%emt 0:00:02]} Qxf6 {[%emt 0:00:02]} 6. Be3 {[%emt 0:00:01]} Nc6 {[%emt 0:00:02]} 7. Qf3 {[%emt 0:00:04]} Bb4+ {[%emt 0:00:12]} 8. c3 {[%emt 0:00:03]} Bd6 {[%emt 0:00:01]} 9. Qxf6 {[%emt 0:00:06]} gxf6 {[%emt 0:00:04]} 10. Nf3 {[%emt 0:00:01]} Ke7 {[%emt 0:00:08]} 11. Bb5 {[%emt 0:00:04]} Bd7 {[%emt 0:00:03]} 12. O-O {[%emt 0:00:04]} a6 {[%emt 0:00:03]} 13. Bxc6 {[%emt 0:00:05]} Bxc6 {[%emt 0:00:03]} 14. Nd2 {[%emt 0:00:13]} Rhg8 {[%emt 0:00:05]} 15. f3 {[%emt 0:00:03]} Rg6 {[%emt 0:00:06]} 16. Ne4 {[%emt 0:00:06]} f5 {[%emt 0:00:09]} 17. Nxd6 {[%emt 0:00:02]} cxd6 {[%emt 0:00:02]} 18. c4 {[%emt 0:00:05]} Rag8 {[%emt 0:00:05]} 19. Rf2 {[%emt 0:00:09]} h5 {[%emt 0:00:09]} 20. Rd1 {[%emt 0:00:12]} h4 {[%emt 0:00:03]} 21. d5 {[%emt 0:00:04]} exd5 {[%emt 0:00:33]} 22. cxd5 {[%emt 0:00:03]} Ba4 {[%emt 0:00:02]} 23. Rd4 {[%emt 0:00:07]} Bb5 {[%emt 0:00:12]} 24. b3 {[%emt 0:00:09]} h3 {[%emt 0:00:05]} 25. g3 {[%emt 0:00:03]} Rh8 {[%emt 0:00:03]} 26. a4 {[%emt 0:00:07]} Bd7 {[%emt 0:00:05]} 27. Re2 {[%emt 0:00:10]} Kf6 {[%emt 0:00:09]} 28. Rf4 {[%emt 0:00:15]} b5 {[%emt 0:00:11]} 29. Bd4+ {[%emt 0:00:07]} Kg5 {[%emt 0:00:11]} 30. Be3 {[%emt 0:00:07]} bxa4 {[%emt 0:00:16]} 31. Rh4+ {[%emt 0:00:34]} f4 {[%emt 0:00:20]} 32. Bxf4+ {[%emt 0:00:06]} Kf5 {[%emt 0:00:06]} 33. Rxh8 {[%emt 0:00:02]} axb3 {[%emt 0:00:05]} 34. Rb8 {[%emt 0:00:15]} Ba4 {[%emt 0:00:04]} 35. Re4 {[%emt 0:00:05]} b2 {[%emt 0:00:08]} 36. Rxb2 {[%emt 0:00:04]} Bd1 {[%emt 0:00:00]} 37. Rd2 {[%emt 0:00:04]} Bxf3 {[%emt 0:00:00]} 38. Re3 {[%emt 0:00:03]} f6 {[%emt 0:00:05]} 39. Rxf3 {[%emt 0:00:02]} Rg7 {[%emt 0:00:02]} 40. Re2 {[%emt 0:00:05]} Ra7 {[%emt 0:00:01]} 41. Be3+ {[%emt 0:00:01]} Kg6 {[%emt 0:00:02]} 42. Bxa7 {[%emt 0:00:01]} Kf7 {[%emt 0:00:01]} 43. Re6 {[%emt 0:00:02]} Kg6 {[%emt 0:00:00]} 44. Rfxf6+ {[%emt 0:00:02]} Kh5 {[%emt 0:00:00]} 45. Be3 {[%emt 0:00:01]} a5 {[%emt 0:00:03]} 46. Rh6+ {[%emt 0:00:02]} Kg4 {[%emt 0:00:01]} 47. Reg6+ {[%emt 0:00:03]} Kf3 {[%emt 0:00:01]} 48. Re6 {[%emt 0:00:01]} Ke2 {[%emt 0:00:01]} 49. Rhf6 {[%emt 0:00:01]} Kd3 {[%emt 0:00:01]} 50. Rf2 {[%emt 0:00:01]} Kc4 {[%emt 0:00:00]} 51. Rc2+ {[%emt 0:00:01]} Kxd5 {[%emt 0:00:02]} 52. Rh6 {[%emt 0:00:05]} a4 {[%emt 0:00:01]} 53. Rh5+ {[%emt 0:00:02]} Ke4 {[%emt 0:00:01]} 54. Rc3 {[%emt 0:00:02]} d5 {[%emt 0:00:03]} 55. Kf2 {[%emt 0:00:01]} d4 {[%emt 0:00:03]} 56. Rh4+ {[%emt 0:00:04]} Kd5 {[%emt 0:00:01]} 57. Bxd4 {[%emt 0:00:04]} Ke6 {[%emt 0:00:04]} 58. Rc5 {[%emt 0:00:02]} Kd6 {[%emt 0:00:01]} 59. Rh6+ {[%emt 0:00:03]} Kd7 {[%emt 0:00:02]} 60. Rcc6 {[%emt 0:00:05]} Ke7 {[%emt 0:00:03]} 61. Rc7+ {[%emt 0:00:02]} Kd8 {[%emt 0:00:01]} 62. Rhh7 {[%emt 0:00:01]} a3 {[%emt 0:00:01]} 63. Be5 {[%emt 0:00:02]} a2 {[%emt 0:00:01]} 64. Rh8# {[%emt 0:00:01] (Lag: Av=0.56s, max=1.3s)} 1-0

[Event "Is Bankasi Online Satranc Turn.13-14 Yas"]
[Site "T#645826Mustafa Kemal"]
[Date "2020.05.08"]
[Round "3"]
[White "BaranPekdemir56"]
[Black "Aleksculcu44"]
[Result "1-0"]
[WhiteElo "1306"]
[BlackElo "1620"]
[Annotator "NA RC"]
[PlyCount "121"]
[EventDate "2020.05.08"]
[EventType "swiss (blitz)"]

1. e4 {[%emt 0:00:03]} e5 {[%emt 0:00:01]} 2. Nf3 {[%emt 0:00:03]} Nc6 {[%emt 0:00:02]} 3. Bb5 {[%emt 0:00:03]} Nf6 {[%emt 0:00:04]} 4. Bxc6 {[%emt 0:00:10]} bxc6 {[%emt 0:00:03]} 5. Nc3 {[%emt 0:00:02]} d6 {[%emt 0:00:03]} 6. d4 {[%emt 0:00:04]} exd4 {[%emt 0:00:05]} 7. Nxd4 {[%emt 0:00:08]} c5 {[%emt 0:00:03]} 8. Nf3 {[%emt 0:00:05]} h6 {[%emt 0:00:03]} 9. O-O {[%emt 0:00:17]} Ba6 {[%emt 0:00:03]} 10. Re1 {[%emt 0:00:02]} Rb8 {[%emt 0:00:06]} 11. Nd5 {[%emt 0:00:18]} Nxd5 {[%emt 0:00:10]} 12. Qxd5 {[%emt 0:00:16]} Qd7 {[%emt 0:00:15]} 13. e5 {[%emt 0:00:07]} dxe5 {[%emt 0:00:08]} 14. Rxe5+ {[%emt 0:00:19]} Be7 {[%emt 0:00:05]} 15. Qxd7+ {[%emt 0:00:06]} Kxd7 {[%emt 0:00:02]} 16. b3 {[%emt 0:00:03]} f6 {[%emt 0:00:07]} 17. Re2 {[%emt 0:00:08]} Ke8 {[%emt 0:00:05]} 18. Re3 {[%emt 0:00:10]} g5 {[%emt 0:00:13]} 19. Bb2 {[%emt 0:00:06]} c4 {[%emt 0:00:08]} 20. Bxf6 {[%emt 0:00:03]} Rh7 {[%emt 0:00:15]} 21. Nd4 {[%emt 0:00:08]} Kf7 {[%emt 0:00:10]} 22. Bxe7 {[%emt 0:00:08]} Kg6 {[%emt 0:00:06]} 23. Bc5 {[%emt 0:00:08]} Kg7 {[%emt 0:00:05]} 24. Ne6+ {[%emt 0:00:04]} Kg6 {[%emt 0:00:08]} 25. Nf8+ {[%emt 0:00:04]} Kg7 {[%emt 0:00:02]} 26. Nxh7 {[%emt 0:00:02]} Kxh7 {[%emt 0:00:02]} 27. Re7+ {[%emt 0:00:01]} Kg6 {[%emt 0:00:02]} 28. Rxc7 {[%emt 0:00:01]} Rc8 {[%emt 0:00:04]} 29. Rxc8 {[%emt 0:00:02]} Bxc8 {[%emt 0:00:02]} 30. bxc4 {[%emt 0:00:07]} Kf7 {[%emt 0:00:03]} 31. Rd1 {[%emt 0:00:03]} Ke8 {[%emt 0:00:03]} 32. Kf1 {[%emt 0:00:03]} a6 {[%emt 0:00:03]} 33. Ke2 {[%emt 0:00:03]} h5 {[%emt 0:00:02]} 34. Kf3 {[%emt 0:00:03]} g4+ {[%emt 0:00:02]} 35. Kg3 {[%emt 0:00:01]} Kf7 {[%emt 0:00:04]} 36. f3 {[%emt 0:00:01]} Ke8 {[%emt 0:00:03]} 37. fxg4 {[%emt 0:00:02]} hxg4 {[%emt 0:00:01]} 38. h3 {[%emt 0:00:01]} gxh3 {[%emt 0:00:02]} 39. gxh3 {[%emt 0:00:01]} a5 {[%emt 0:00:06]} 40. Rh1 {[%emt 0:00:04]} Kf7 {[%emt 0:00:07]} 41. h4 {[%emt 0:00:01]} Kg6 {[%emt 0:00:03]} 42. Bd4 {[%emt 0:00:01]} Be6 {[%emt 0:00:04]} 43. h5+ {[%emt 0:00:02]} Kh6 {[%emt 0:00:05]} 44. Be3+ {[%emt 0:00:02]} Kg7 {[%emt 0:00:04]} 45. h6+ {[%emt 0:00:01]} Kh7 {[%emt 0:00:02]} 46. c5 {[%emt 0:00:03]} Bd7 {[%emt 0:00:03]} 47. Kf4 {[%emt 0:00:08]} a4 {[%emt 0:00:03]} 48. Ke5 {[%emt 0:00:02]} Bc6 {[%emt 0:00:03]} 49. Rh2 {[%emt 0:00:01]} Bb7 {[%emt 0:00:06]} 50. Kd6 {[%emt 0:00:02]} Be4 {[%emt 0:00:05]} 51. c6 {[%emt 0:00:01]} Bxc6 {[%emt 0:00:05]} 52. Kxc6 {[%emt 0:00:01]} a3 {[%emt 0:00:03]} 53. Kb5 {[%emt 0:00:01]} Kg6 {[%emt 0:00:07]} 54. h7 {[%emt 0:00:01]} Kg7 {[%emt 0:00:02]} 55. h8=Q+ {[%emt 0:00:01]} Kf7 {[%emt 0:00:02]} 56. Rh7+ {[%emt 0:00:11]} Ke6 {[%emt 0:00:02]} 57. Rh5 {[%emt 0:00:01]} Kd6 {[%emt 0:00:09]} 58. Qg7 {[%emt 0:00:02]} Ke6 {[%emt 0:00:08]} 59. Qg6+ {[%emt 0:00:01]} Ke7 {[%emt 0:00:05]} 60. Rh7+ {[%emt 0:00:01]} Kd8 {[%emt 0:00:02]} 61. Qg8# {[%emt 0:00:01] (Lag: Av=0.53s, max=0.9s)} 1-0

[Event "Is Bankasi Online Satranc Turn.13-14 Yas"]
[Site "T#645826Mustafa Kemal"]
[Date "2020.05.08"]
[Round "3"]
[White "Denizeroglu22"]
[Black "Yagizuckan80"]
[Result "1-0"]
[WhiteElo "1226"]
[BlackElo "1791"]
[Annotator "NA RC"]
[PlyCount "111"]
[EventDate "2020.05.08"]
[EventType "swiss (blitz)"]

1. d4 {[%emt 0:00:07]} d5 {[%emt 0:00:02]} 2. Nf3 {[%emt 0:00:00]} e6 {[%emt 0:00:01]} 3. c4 {[%emt 0:00:01]} Nf6 {[%emt 0:00:01]} 4. Nc3 {[%emt 0:00:01]} Be7 {[%emt 0:00:01]} 5. Bf4 {[%emt 0:00:05]} O-O {[%emt 0:00:02]} 6. e3 {[%emt 0:00:02]} Bd6 {[%emt 0:00:11]} 7. Bg3 {[%emt 0:00:03]} Nbd7 {[%emt 0:00:17]} 8. Bd3 {[%emt 0:00:09]} Qe7 {[%emt 0:00:13]} 9. Qb3 {[%emt 0:00:17]} dxc4 {[%emt 0:00:08]} 10. Bxc4 {[%emt 0:00:03]} c5 {[%emt 0:00:13]} 11. Bxd6 {[%emt 0:00:15]} Qxd6 {[%emt 0:00:03]} 12. Nb5 {[%emt 0:00:01]} Qb6 {[%emt 0:00:18]} 13. O-O {[%emt 0:00:11]} cxd4 {[%emt 0:00:16]} 14. Nbxd4 {[%emt 0:00:05]} Qxb3 {[%emt 0:00:08]} 15. Nxb3 {[%emt 0:00:18]} a6 {[%emt 0:00:06]} 16. a4 {[%emt 0:00:07]} b6 {[%emt 0:00:08]} 17. Rac1 {[%emt 0:00:25]} Bb7 {[%emt 0:00:02]} 18. Be2 {[%emt 0:00:01]} Rac8 {[%emt 0:00:03]} 19. h3 {[%emt 0:00:02]} Nc5 {[%emt 0:00:09]} 20. Nxc5 {[%emt 0:00:01]} bxc5 {[%emt 0:00:02]} 21. Rfd1 {[%emt 0:00:04]} Nd5 {[%emt 0:00:13]} 22. Ne5 {[%emt 0:00:16]} Rfd8 {[%emt 0:00:10]} 23. Bf3 {[%emt 0:00:05]} f6 {[%emt 0:00:07]} 24. Nc4 {[%emt 0:00:03]} Bc6 {[%emt 0:00:33]} 25. a5 {[%emt 0:00:09]} Rb8 {[%emt 0:00:11]} 26. Bxd5 {[%emt 0:00:15]} exd5 {[%emt 0:00:02]} 27. Nb6 {[%emt 0:00:02]} Kf7 {[%emt 0:00:03]} 28. Rxc5 {[%emt 0:00:02]} Rd6 {[%emt 0:00:03]} 29. Rdc1 {[%emt 0:00:07]} Ba8 {[%emt 0:00:04]} 30. Rc7+ {[%emt 0:00:03]} Ke6 {[%emt 0:00:02]} 31. Rxg7 {[%emt 0:00:09]} d4 {[%emt 0:00:05]} 32. exd4 {[%emt 0:00:04]} Rxd4 {[%emt 0:00:01]} 33. Re1+ {[%emt 0:00:01]} Kd6 {[%emt 0:00:02]} 34. Rd7+ {[%emt 0:00:03]} Kc5 {[%emt 0:00:02]} 35. Rc1+ {[%emt 0:00:02]} Kb4 {[%emt 0:00:02]} 36. Rxd4+ {[%emt 0:00:01]} Kb5 {[%emt 0:00:01]} 37. Rcd1 {[%emt 0:00:04]} Bc6 {[%emt 0:00:04]} 38. Rd6 {[%emt 0:00:02]} Re8 {[%emt 0:00:02]} 39. Rc1 {[%emt 0:00:03]} Bb7 {[%emt 0:00:04]} 40. Nd5 {[%emt 0:00:05]} Bxd5 {[%emt 0:00:02]} 41. Rxd5+ {[%emt 0:00:01]} Kb4 {[%emt 0:00:01]} 42. Rcd1 {[%emt 0:00:01]} Kb3 {[%emt 0:00:01]} 43. Rd7 {[%emt 0:00:01]} Kxb2 {[%emt 0:00:02]} 44. Rxh7 {[%emt 0:00:01]} Re5 {[%emt 0:00:02]} 45. Rf7 {[%emt 0:00:02]} f5 {[%emt 0:00:01]} 46. Rf6 {[%emt 0:00:01]} Rxa5 {[%emt 0:00:01]} 47. h4 {[%emt 0:00:01]} Rc5 {[%emt 0:00:02]} 48. h5 {[%emt 0:00:02]} a5 {[%emt 0:00:01]} 49. h6 {[%emt 0:00:01]} a4 {[%emt 0:00:02]} 50. h7 {[%emt 0:00:01]} Rc8 {[%emt 0:00:01]} 51. Rxf5 {[%emt 0:00:01]} a3 {[%emt 0:00:04]} 52. Ra5 {[%emt 0:00:03]} a2 {[%emt 0:00:02]} 53. Ra7 {[%emt 0:00:01]} Rh8 {[%emt 0:00:04]} 54. g4 {[%emt 0:00:01]} Rc8 {[%emt 0:00:02]} 55. g5 {[%emt 0:00:04]} Rc1 {[%emt 0:00:02]} 56. h8=Q+ {[%emt 0:00:04] Yagizuckan80 terk eder (Lag: Av=0.59s, max=1.1s)} 1-0

[Event "Is Bankasi Online Satranc Turn.13-14 Yas"]
[Site "T#645826Mustafa Kemal"]
[Date "2020.05.08"]
[Round "3"]
[White "Bekirtalhadoga54"]
[Black "nailardauysal32"]
[Result "0-1"]
[WhiteElo "1151"]
[BlackElo "1620"]
[Annotator "NA RC"]
[PlyCount "38"]
[EventDate "2020.05.08"]
[EventType "swiss (blitz)"]

1. e4 {[%emt 0:00:19]} c5 {[%emt 0:00:03]} 2. Nf3 {[%emt 0:00:03]} e6 {[%emt 0:00:03]} 3. Nc3 {[%emt 0:00:03]} Nc6 {[%emt 0:00:02]} 4. Bb5 {[%emt 0:00:06]} a6 {[%emt 0:00:02]} 5. Bxc6 {[%emt 0:00:02]} bxc6 {[%emt 0:00:00]} 6. O-O {[%emt 0:00:03] (Lag: Av=0.81s, max=1.0s) Ýptal edildi} Nf6 {[%emt 0:00:17] Black restart ok. White restart ok.} 7. Ng5 {[%emt 0:00:12]} h6 {[%emt 0:00:11]} 8. e5 {[%emt 0:00:04]} hxg5 {[%emt 0:00:04]} 9. exf6 {[%emt 0:00:01]} Qxf6 {[%emt 0:00:01]} 10. Qf3 {[%emt 0:00:02]} Qh6 {[%emt 0:00:06]} 11. h3 {[%emt 0:00:06]} f5 {[%emt 0:00:18]} 12. d4 {[%emt 0:00:21]} g4 {[%emt 0:00:04]} 13. Qg3 {[%emt 0:00:10]} Qh4 {[%emt 0:00:15]} 14. Qxh4 {[%emt 0:00:06]} Rxh4 {[%emt 0:00:03]} 15. g3 {[%emt 0:00:04]} Rxh3 {[%emt 0:00:03]} 16. Rd1 {[%emt 0:00:07]} cxd4 {[%emt 0:00:04]} 17. Na4 {[%emt 0:00:03]} c5 {[%emt 0:00:12]} 18. Nb6 {[%emt 0:00:05]} Bb7 {[%emt 0:00:06]} 19. Nxa8 {[%emt 0:00:03]} Rh1# {[%emt 0:00:02] (Lag: Av=0.72s, max=0.8s)} 0-1

[Event "Is Bankasi Online Satranc Turn.13-14 Yas"]
[Site "T#645826Mustafa Kemal"]
[Date "2020.05.08"]
[Round "4"]
[White "Caputcuoglu20"]
[Black "Aytacaydin76"]
[Result "1-0"]
[WhiteElo "2089"]
[BlackElo "1767"]
[PlyCount "91"]
[EventDate "2020.05.08"]
[EventType "swiss (blitz)"]

1. e4 {[%emt 0:00:03]} c5 {[%emt 0:00:04]} 2. Nf3 {[%emt 0:00:01]} e6 {[%emt 0:00:01]} 3. d4 {[%emt 0:00:03]} cxd4 {[%emt 0:00:01]} 4. Nxd4 {[%emt 0:00:00]} Nc6 {[%emt 0:00:01]} 5. Nxc6 {[%emt 0:00:06]} bxc6 {[%emt 0:00:01]} 6. Bd3 {[%emt 0:00:01]} d5 {[%emt 0:00:05]} 7. O-O {[%emt 0:00:02]} Nf6 {[%emt 0:00:02]} 8. Nd2 {[%emt 0:00:04]} Be7 {[%emt 0:00:44]} 9. e5 {[%emt 0:00:11]} Nd7 {[%emt 0:00:02]} 10. f4 {[%emt 0:00:01]} O-O {[%emt 0:00:04]} 11. Nf3 {[%emt 0:00:31]} c5 {[%emt 0:00:12]} 12. c3 {[%emt 0:00:02]} Qb6 {[%emt 0:00:08]} 13. Kh1 {[%emt 0:00:06]} Ba6 {[%emt 0:00:03]} 14. Bxa6 {[%emt 0:00:10]} Qxa6 {[%emt 0:00:01]} 15. Be3 {[%emt 0:00:15]} Rab8 {[%emt 0:00:06]} 16. Qc2 {[%emt 0:00:04]} h6 {[%emt 0:00:11]} 17. Rad1 {[%emt 0:00:11]} Qb5 {[%emt 0:00:53]} 18. Rd2 {[%emt 0:00:12]} Nb6 {[%emt 0:00:04]} 19. b3 {[%emt 0:00:04]} Rfc8 {[%emt 0:00:10]} 20. Rdf2 {[%emt 0:00:16]} d4 {[%emt 0:00:15]} 21. c4 {[%emt 0:00:04]} Qc6 {[%emt 0:00:08]} 22. Bc1 {[%emt 0:00:04]} Rd8 {[%emt 0:00:04]} 23. Qd3 {[%emt 0:00:03]} Nd7 {[%emt 0:00:12]} 24. Nd2 {[%emt 0:00:15]} Nf8 {[%emt 0:00:10]} 25. f5 {[%emt 0:00:04]} exf5 {[%emt 0:00:02]} 26. Qxf5 {[%emt 0:00:02]} Qe6 {[%emt 0:00:01]} 27. Qxf7+ {[%emt 0:00:02]} Qxf7 {[%emt 0:00:01]} 28. Rxf7 {[%emt 0:00:00]} Bg5 {[%emt 0:00:02]} 29. Rxa7 {[%emt 0:00:06]} Ra8 {[%emt 0:00:01]} 30. Rxa8 {[%emt 0:00:03]} Rxa8 {[%emt 0:00:01]} 31. a4 {[%emt 0:00:04]} Rb8 {[%emt 0:00:02]} 32. Rf3 {[%emt 0:00:01]} Be3 {[%emt 0:00:03]} 33. g3 {[%emt 0:00:27]} Ng6 {[%emt 0:00:02]} 34. e6 {[%emt 0:00:06]} Re8 {[%emt 0:00:04]} 35. Rf1 {[%emt 0:00:06]} Rxe6 {[%emt 0:00:03]} 36. Nf3 {[%emt 0:00:01]} Bxc1 {[%emt 0:00:03]} 37. Rxc1 {[%emt 0:00:00]} Re3 {[%emt 0:00:01]} 38. Nd2 {[%emt 0:00:02]} Rd3 {[%emt 0:00:01]} 39. Rc2 {[%emt 0:00:03]} Ne5 {[%emt 0:00:01]} 40. a5 {[%emt 0:00:02]} Rc3 {[%emt 0:00:03]} 41. Ra2 {[%emt 0:00:03]} Rc1+ {[%emt 0:00:01]} 42. Kg2 {[%emt 0:00:01]} Nc6 {[%emt 0:00:08]} 43. a6 {[%emt 0:00:01]} Rc3 {[%emt 0:00:01]} 44. Ne4 {[%emt 0:00:07]} Re3 {[%emt 0:00:03]} 45. Nxc5 {[%emt 0:00:03]} Nb4 {[%emt 0:00:02]} 46. a7 {[%emt 0:00:04] Time (Lag: Av=0.51s, max=1.7s)} 1-0

[Event "Is Bankasi Online Satranc Turn.13-14 Yas"]
[Site "T#645826Mustafa Kemal"]
[Date "2020.05.08"]
[Round "4"]
[White "Yankitaspinar54"]
[Black "Sungurgursu08"]
[Result "1-0"]
[WhiteElo "2049"]
[BlackElo "1815"]
[Annotator "TA"]
[PlyCount "99"]
[EventDate "2020.05.08"]
[EventType "swiss (blitz)"]

{[%evp 20,99,50,50,47,46,44,43,55,63,69,54,56,64,81,76,118,112,120,91,121,83,76,68,79,44,69,67,104,83,149,73,81,75,88,22,69,80,75,69,77,15,56,48,42,43,655,645,1261,1235,1174,1131,1149,1205,759,450,1900,422,341,320,29972,29973,29984,29985,29985,29986,29986,29987,29987,29988,29988,29989,29989,29988,29988,29987,29987,29988,29988,29989,29991,29992]} 1. d4 Nf6 2. c4 g6 3. Nc3 Bg7 4. e4 d6 5. Nf3 O-O 6. Be2 e5 7. O-O exd4 8. Nxd4 Nc6 9. Be3 Re8 10. f3 Bd7 11. Qd2 Nxd4 {E94: King's Indian: Classical: 6 Be2 e5 7 0-0: Various Black 7th moves.} 12. Bxd4 Bc6 13. Rad1 Qe7 {[#] White is slightly better.} 14. Rfe1 $146 ({Predecessor:} 14. b4 a6 15. a4 b6 16. Rfe1 Bb7 17. Bf2 a5 18. b5 Nd7 19. Nd5 Bxd5 20. cxd5 {1-0 (46) Kosic,D (2487)-Budimir,B (2236) Paracin 2015}) 14... Nd7 15. Bf2 Nf8 16. Nd5 Bxd5 17. cxd5 Nd7 18. Rc1 Rac8 19. Bf1 Nb6 20. Rc2 c6 21. dxc6 bxc6 22. Rec1 c5 23. b3 {[%cal Bb2b3,Bb3b4][%mdl 32]} Rc7 24. a4 {[%cal Ba2a4,Ba4a5][%mdl 32]} Rec8 (24... Rd8 $142) 25. Ba6 (25. Rd1 $142) 25... Rd8 26. a5 Nd7 {[#]} 27. Bc4 (27. Rd1 $1 $16) 27... Nf8 28. b4 $36 {[%mdl 2048] Black is under strong pressure.} Ne6 29. Bxe6 fxe6 30. Qe2 (30. Be3 $16) 30... Rdc8 31. bxc5 dxc5 32. Qc4 Bd4 $2 {[%mdl 8192] This move loses the game for Black.} (32... Rc6 $14) 33. Bxd4 $18 cxd4 34. Qxc7 Rxc7 35. Rxc7 {[%mdl 4096] Endgame KQ-KRR} Qa3 36. Rb1 {Threatening mate with Rb8+.} Qf8 37. Kf1 {And now a6 would win.} e5 (37... a6 $142 38. Rbb7 g5) 38. Rbb7 (38. Rxa7 $142 {Rbb7 is the strong threat.} Qc8 39. h4) 38... a6 39. Ke2 h5 $2 (39... g5 $18 40. Rxh7 Qf4) 40. h4 {White mates.} Qe8 41. Rg7+ Kf8 42. Rh7 {[%cal Rh7h8]} Kg8 43. Rbg7+ Kf8 44. Rh8+ {[%mdl 64] [#] Skewer} Kxg7 45. Rxe8 {KR-KP} Kf7 46. Rd8 Ke7 47. Rd5 Ke6 48. Kd3 Ke7 49. Rxe5+ Kd6 50. Kxd4 {Accuracy: White = 62%, Black = 44%.} 1-0

[Event "Is Bankasi Online Satranc Turn.13-14 Yas"]
[Site "T#645826Mustafa Kemal"]
[Date "2020.05.08"]
[Round "4"]
[White "Metehanozen36"]
[Black "Taylanruzgarin00"]
[Result "1/2-1/2"]
[WhiteElo "1918"]
[BlackElo "1826"]
[Annotator "RC"]
[PlyCount "124"]
[EventDate "2020.05.08"]
[EventType "swiss (blitz)"]

1. d4 {[%emt 0:00:04]} Nf6 {[%emt 0:00:03]} 2. Nf3 {[%emt 0:00:02]} g6 {[%emt 0:00:02]} 3. c4 {[%emt 0:00:05]} Bg7 {[%emt 0:00:02]} 4. Nc3 {[%emt 0:00:01]} d5 {[%emt 0:00:01]} 5. cxd5 {[%emt 0:00:02]} Nxd5 {[%emt 0:00:00]} 6. e4 {[%emt 0:00:01]} Nxc3 {[%emt 0:00:01]} 7. bxc3 {[%emt 0:00:01]} c5 {[%emt 0:00:01]} 8. Be2 {[%emt 0:00:05]} Nc6 {[%emt 0:00:03]} 9. Be3 {[%emt 0:00:02]} O-O {[%emt 0:00:03]} 10. O-O {[%emt 0:00:01]} cxd4 {[%emt 0:00:03]} 11. cxd4 {[%emt 0:00:02]} Bg4 {[%emt 0:00:01]} 12. e5 {[%emt 0:00:06]} Rc8 {[%emt 0:00:08]} 13. Rc1 {[%emt 0:00:06]} Nb4 {[%emt 0:00:03]} 14. Qa4 {[%emt 0:00:11]} Nd5 {[%emt 0:00:25]} 15. h3 {[%emt 0:00:19]} Bf5 {[%emt 0:00:39]} 16. Qxa7 {[%emt 0:00:10]} Nc3 {[%emt 0:00:09]} 17. Rxc3 {[%emt 0:00:26]} Rxc3 {[%emt 0:00:03]} 18. Qxb7 {[%emt 0:00:01]} Qa8 {[%emt 0:00:12]} 19. Qxe7 {[%emt 0:00:18]} Qxa2 {[%emt 0:00:08]} 20. Re1 {[%emt 0:00:01]} Rfc8 {[%emt 0:00:25]} 21. Bf1 {[%emt 0:00:20]} R3c7 {[%emt 0:00:06]} 22. Qh4 {[%emt 0:00:02]} Qd5 {[%emt 0:00:04]} 23. Qf4 {[%emt 0:00:04]} Qe4 {[%emt 0:00:10]} 24. Qg3 {[%emt 0:00:07]} Qd5 {[%emt 0:00:03]} 25. Qf4 {[%emt 0:00:03]} Rc2 {[%emt 0:00:04]} 26. g4 {[%emt 0:00:21]} Be6 {[%emt 0:00:07]} 27. Bg2 {[%emt 0:00:02]} Qd7 {[%emt 0:00:02]} 28. Ng5 {[%emt 0:00:05]} Bd5 {[%emt 0:00:04]} 29. Ne4 {[%emt 0:00:04]} Bxe4 {[%emt 0:00:17]} 30. Bxe4 {[%emt 0:00:03]} R2c4 {[%emt 0:00:04]} 31. Bg2 {[%emt 0:00:07]} Re8 {[%emt 0:00:03]} 32. Qg3 {[%emt 0:00:05]} Rcc8 {[%emt 0:00:02]} 33. f4 {[%emt 0:00:05]} f6 {[%emt 0:00:01]} 34. Kh2 {[%emt 0:00:04]} Rcd8 {[%emt 0:00:01]} 35. Rb1 {[%emt 0:00:09]} Rb8 {[%emt 0:00:03]} 36. Rd1 {[%emt 0:00:17]} fxe5 {[%emt 0:00:04]} 37. fxe5 {[%emt 0:00:03]} Bxe5 {[%emt 0:00:03]} 38. Bf4 {[%emt 0:00:00]} Bxf4 {[%emt 0:00:03]} 39. Qxf4 {[%emt 0:00:01]} Rbd8 {[%emt 0:00:01]} 40. d5 {[%emt 0:00:01]} Qd6 {[%emt 0:00:01]} 41. Kg3 {[%emt 0:00:03]} Rf8 {[%emt 0:00:02]} 42. Qxd6 {[%emt 0:00:01]} Rxd6 {[%emt 0:00:00]} 43. Re1 {[%emt 0:00:00]} Kf7 {[%emt 0:00:03]} 44. Ra1 {[%emt 0:00:01]} Re8 {[%emt 0:00:02]} 45. Ra7+ {[%emt 0:00:01]} Re7 {[%emt 0:00:01]} 46. Ra4 {[%emt 0:00:02]} Kg7 {[%emt 0:00:01]} 47. Kf4 {[%emt 0:00:05]} h6 {[%emt 0:00:02]} 48. Rc4 {[%emt 0:00:03]} g5+ {[%emt 0:00:02]} 49. Kg3 {[%emt 0:00:02]} Rf6 {[%emt 0:00:01]} 50. Rc3 {[%emt 0:00:04]} Kf7 {[%emt 0:00:03]} 51. Rd3 {[%emt 0:00:02]} Ke8 {[%emt 0:00:03]} 52. d6 {[%emt 0:00:01]} Rg7 {[%emt 0:00:09]} 53. Bc6+ {[%emt 0:00:03]} Kd8 {[%emt 0:00:02]} 54. Be4 {[%emt 0:00:01]} Ra7 {[%emt 0:00:07]} 55. Bf5 {[%emt 0:00:01]} Ra4 {[%emt 0:00:07]} 56. h4 {[%emt 0:00:01]} Rf4 {[%emt 0:00:03]} 57. hxg5 {[%emt 0:00:01]} hxg5 {[%emt 0:00:01]} 58. Rd5 {[%emt 0:00:02]} Ra4 {[%emt 0:00:03]} 59. Rd3 {[%emt 0:00:01]} Ra6 {[%emt 0:00:02]} 60. d7 {[%emt 0:00:01]} Rfd6 {[%emt 0:00:02]} 61. Re3 {[%emt 0:00:02]} Rxd7 {[%emt 0:00:05]} 62. Bxd7 {[%emt 0:00:02]} Kxd7 {[%emt 0:00:00] Metehanozen36 beraberlik teklif ediyor (Lag: Av=0.83s, max=5.3s)} 1/2-1/2